<?xml version="1.0" encoding="UTF-8"?>
<record
    xmlns:xsi="http://www.w3.org/2001/XMLSchema-instance"
    xsi:schemaLocation="http://www.loc.gov/MARC21/slim http://www.loc.gov/standards/marcxml/schema/MARC21slim.xsd"
    xmlns="http://www.loc.gov/MARC21/slim">

  <leader>05035cam a22004697i 4500</leader>
  <controlfield tag="001">22144930</controlfield>
  <controlfield tag="003">EG-ScBUE</controlfield>
  <controlfield tag="005">20240211150016.0</controlfield>
  <controlfield tag="008">210721t2021    pauab  f b    001 0 eng d</controlfield>
  <datafield tag="020" ind1=" " ind2=" ">
    <subfield code="a">9781975156978</subfield>
  </datafield>
  <datafield tag="020" ind1=" " ind2=" ">
    <subfield code="a">1975156978</subfield>
  </datafield>
  <datafield tag="035" ind1=" " ind2=" ">
    <subfield code="a">(OCoLC)on1138975390</subfield>
  </datafield>
  <datafield tag="040" ind1=" " ind2=" ">
    <subfield code="a">YUM</subfield>
    <subfield code="b">eng</subfield>
    <subfield code="e">rda</subfield>
    <subfield code="c">YUM</subfield>
    <subfield code="d">OCLCO</subfield>
    <subfield code="d">YDXIT</subfield>
    <subfield code="d">OCLCO</subfield>
    <subfield code="d">OCLCA</subfield>
    <subfield code="d">EEM</subfield>
    <subfield code="d">JYJ</subfield>
    <subfield code="d">UAB</subfield>
    <subfield code="d">OCLCA</subfield>
    <subfield code="d">DLC</subfield>
    <subfield code="d">EG-ScBUE</subfield>
  </datafield>
  <datafield tag="082" ind1="0" ind2="4">
    <subfield code="a">610.73</subfield>
    <subfield code="2">22</subfield>
    <subfield code="b">FUN</subfield>
  </datafield>
  <datafield tag="130" ind1="0" ind2=" ">
    <subfield code="a">Fundamentals of nursing (Craven)</subfield>
  </datafield>
  <datafield tag="245" ind1="0" ind2="0">
    <subfield code="a">Fundamentals of nursing :</subfield>
    <subfield code="b">concepts and competencies for practice /</subfield>
    <subfield code="c">Ruth F. Craven, EdD, RN, FAAN, Professor Emerita Department of Biobehavioral Nursing and Health Informatics, University of Washington School of Nursing, Seattle, Washington, Constance J. Hirnle, MN, RN, Retired Faculty Member, Department of Biobehavioral Nursing and Health Informatics, University of Washington School of Nursing, Seattle, Washington, Christine M. Henshaw, EdD, RN-BC, Professional Development Specialist, Clinical Practice and Professional Development, Virginia Mason Medical Center, Seattle, Washington.</subfield>
  </datafield>
  <datafield tag="250" ind1=" " ind2=" ">
    <subfield code="a">Ninth edition.</subfield>
  </datafield>
  <datafield tag="250" ind1=" " ind2=" ">
    <subfield code="a">International edition.</subfield>
  </datafield>
  <datafield tag="264" ind1=" " ind2="1">
    <subfield code="a">Philadelphia :</subfield>
    <subfield code="b">Wolters Kluwer,</subfield>
    <subfield code="c">[2021]</subfield>
  </datafield>
  <datafield tag="264" ind1=" " ind2="4">
    <subfield code="c">&#xA9;2021</subfield>
  </datafield>
  <datafield tag="300" ind1=" " ind2=" ">
    <subfield code="a">xxxiv, 1532 pages :</subfield>
    <subfield code="b">color illustrations, color maps ;</subfield>
    <subfield code="c">29 cm</subfield>
  </datafield>
  <datafield tag="336" ind1=" " ind2=" ">
    <subfield code="a">text</subfield>
    <subfield code="b">txt</subfield>
    <subfield code="2">rdacontent</subfield>
  </datafield>
  <datafield tag="337" ind1=" " ind2=" ">
    <subfield code="a">unmediated</subfield>
    <subfield code="b">n</subfield>
    <subfield code="2">rdamedia</subfield>
  </datafield>
  <datafield tag="338" ind1=" " ind2=" ">
    <subfield code="a">volume</subfield>
    <subfield code="b">nc</subfield>
    <subfield code="2">rdacarrier</subfield>
  </datafield>
  <datafield tag="500" ind1=" " ind2=" ">
    <subfield code="a">Revision of: Fundamentals of nursing : human health and function / [edited by] Ruth F. Craven, Constance J. Hirnle, Christine M. Henshaw. 2017. Eighth edition.</subfield>
  </datafield>
  <datafield tag="504" ind1=" " ind2=" ">
    <subfield code="a">Includes bibliographical references and index.</subfield>
  </datafield>
  <datafield tag="505" ind1="0" ind2=" ">
    <subfield code="a">Unit I. Professional Concepts. Chapter 1. The Profession of Nursing ; Chapter 2. The Nurse's Role in Healthcare Quality and Patient Safety ; Chapter 3. Values, Ethics, and Legal Issues ; Chapter 4. Nursing Research and Evidence-Based Care ; Chapter 5. Nursing Process: Foundation for Clinical Judgment -- Unit II. Nursing Process. Chapter 6. Nursing Assessment ; Chapter 7. Nursing Diagnosis ; Chapter 8. Outcome Identification and Planning ; Chapter 9. Implementation and Evaluation ; Chapter 10. Healthcare Team Communication: Documenting and Reporting -- Unit III. Healthcare Delivery Concepts. Chapter 11. Health, Wellness, and Integrative Healthcare ; Chapter 12. Healthcare in the Community and Home ; Chapter 13. Culture and Diversity ; Chapter 14. Communication in the Nurse-Patient Relationship ; Chapter 15. Patient Education and Health Promotion ; Chapter 16. Caring for the Older Adult -- Unit IV. Clinical Care Competencies. Chapter 17. Safety ; Chapter 18. Health Assessment ; Chapter 19. Vital Signs ; Chapter 20. Asepsis and Infection Control ; Chapter 21. Medication Administration ; Chapter 22. Intravenous Therapy ; Chapter 23. Perioperative Nursing -- Unit V. Concepts Involving Protection and Movement. Chapter 24. Hygiene and Self-Care ; Chapter 25. Mobility ; Chapter 26. Skin Integrity and Wound Healing ; Chapter 27. Infection Prevention and Management ; Chapter 28. Pain Management ; Chapter 29. Sensory Perception -- Unit VI. Concepts Involving Homeostasis and Regulation. Chapter 30. Respiratory Function ; Chapter 31. Cardiac Function ; Chapter 32. Fluids, Electrolytes, and Acid-Base ; Chapter 33. Nutrition ; Chapter 34. Urinary Elimination ; Chapter 35. Bowel Elimination ; Chapter 36. Sleep -- Unit VII. Psychosocial Concepts. Chapter 37. Self-Concept ; Chapter 38. Families and Their Relationships ; Chapter 39. Cognitive Processes ; Chapter 40. Sexuality ; Chapter 41. Stress, Coping, and Adaptation ; Chapter 42. Loss and Grieving ; Chapter 43. Spiritual Health -- Appendix A: Answers with Rationales for Practicing for the NCLEX Questions -- Appendix B: Apply Your Critical Thinking Answers -- Appendix C: Abbreviations Commonly Used in Documentation -- Appendix D: Definitions and Defining Characteristics for NANDA-I Diagnoses in This Title.</subfield>
  </datafield>
  <datafield tag="520" ind1=" " ind2=" ">
    <subfield code="a">This updated 9th Edition further enhances students' clinical capabilities with new Unfolding Patient Stories that challenge students to think critically about commonly encountered patient scenarios. More than 850 online NCLEX&#xAE;-style review questions, as well as NCLEX&#xAE;-style review questions in the book, reinforce students' test-taking confidence. New Critical Thinking Using QSEN Competencies features provide essential practice for applying concepts to clinical situations.</subfield>
  </datafield>
  <datafield tag="650" ind1=" " ind2="7">
    <subfield code="a">Nursing.</subfield>
    <subfield code="2">BUEsh</subfield>
  </datafield>
  <datafield tag="650" ind1=" " ind2="7">
    <subfield code="a">Nursing Care.</subfield>
    <subfield code="2">BUEsh</subfield>
  </datafield>
  <datafield tag="650" ind1=" " ind2="7">
    <subfield code="a">Nursing Process.</subfield>
    <subfield code="2">BUEsh</subfield>
  </datafield>
  <datafield tag="653" ind1=" " ind2=" ">
    <subfield code="c">February2024</subfield>
    <subfield code="b">NNUR</subfield>
  </datafield>
  <datafield tag="655" ind1=" " ind2=" ">
    <subfield code="v">Reading book</subfield>
  </datafield>
  <datafield tag="700" ind1="1" ind2=" ">
    <subfield code="a">Craven, Ruth F.,</subfield>
    <subfield code="e">editor.</subfield>
  </datafield>
  <datafield tag="700" ind1="1" ind2=" ">
    <subfield code="a">Hirnle, Constance J.,</subfield>
    <subfield code="e">editor.</subfield>
  </datafield>
  <datafield tag="700" ind1="1" ind2=" ">
    <subfield code="a">Henshaw, Chris,</subfield>
    <subfield code="e">editor.</subfield>
  </datafield>
  <datafield tag="730" ind1="0" ind2="2">
    <subfield code="a">Fundamentals of nursing : human health and function</subfield>
    <subfield code="i">Previous edition:</subfield>
  </datafield>
  <datafield tag="906" ind1=" " ind2=" ">
    <subfield code="a">7</subfield>
    <subfield code="b">cbc</subfield>
    <subfield code="c">copycat</subfield>
    <subfield code="d">2</subfield>
    <subfield code="e">ncip</subfield>
    <subfield code="f">20</subfield>
    <subfield code="g">y-gencatlg</subfield>
  </datafield>
  <datafield tag="942" ind1=" " ind2=" ">
    <subfield code="2">ddc</subfield>
    <subfield code="c">BB</subfield>
  </datafield>
  <datafield tag="999" ind1=" " ind2=" ">
    <subfield code="c">30659</subfield>
    <subfield code="d">30630</subfield>
  </datafield>
  <datafield tag="952" ind1=" " ind2=" ">
    <subfield code="0">0</subfield>
    <subfield code="1">0</subfield>
    <subfield code="2">ddc</subfield>
    <subfield code="4">0</subfield>
    <subfield code="7">0</subfield>
    <subfield code="8">Baccah</subfield>
    <subfield code="a">MAIN</subfield>
    <subfield code="b">MAIN</subfield>
    <subfield code="c">1ST</subfield>
    <subfield code="d">2024-02-11</subfield>
    <subfield code="e">Purchase</subfield>
    <subfield code="g">2912.00</subfield>
    <subfield code="h">38032</subfield>
    <subfield code="l">0</subfield>
    <subfield code="o">610.73 FUN</subfield>
    <subfield code="p">000057005</subfield>
    <subfield code="r">2025-07-15 00:00:00</subfield>
    <subfield code="v">3640.00</subfield>
    <subfield code="w">2024-02-11</subfield>
    <subfield code="y">BB</subfield>
  </datafield>
</record>
